Sexualidad y adolescencia: tópicos en Psicología. Manual monitor

Сохранить в:
Библиографические подробности
Главный автор: Silva Raveau, Mónica (Автор)
Формат:
Язык:испанский
Опубликовано: Santiago Eds. Universidad Católica de Chile 2001
Редактирование:3a. ed
Серии:Aprendizaje
Предметы:
Метки: Добавить метку
Нет меток, Требуется 1-ая метка записи!

MARC

LEADER 00000nam a2200000 a 4500
001 UCH4318
003 CL-VaPUC
008 090818e20010000CL |||||||||||||||||spa|d
020 |a 9561403137 
082 0 4 |a 305.235  |b SIL  |2 21 
100 0 |a Silva Raveau, Mónica  |e author  |9 539822 
245 1 0 |a Sexualidad y adolescencia: tópicos en Psicología. Manual monitor 
250 |a 3a. ed 
300 |a 151 p 
942 |c BK 
945 |d 20090818 00:00:00  |a lazolas 
260 |a Santiago  |b Eds. Universidad Católica de Chile  |c 2001 
650 0 |a Educación sexual  |9 308005 
650 0 |a Adolescencia  |9 307361 
650 0 |a Aspectos sexuales   |9 310122 
650 7 |a RELACIONES SEXUALES  |2 CL-VaPUC  |9 312685 
650 7 |a RELACION DE PAREJA  |2 CL-VaPUC  |9 363459 
650 7 |a RELACIONES FAMILIARES  |2 CL-VaPUC  |9 333100 
650 7 |a PSICOLOGIA SEXUAL  |2 CL-VaPUC  |9 471026 
650 7 |a EMBARAZO  |2 CL-VaPUC  |9 308235 
583 |a last modification  |c 20090818 00:00:00  |k Rodrigo Vera 
490 0 |a Aprendizaje 
999 |c 335650  |d 335648